000 00388nam a22001697a 4500
999 _c16892
_d16892
003 OSt
005 20180717125354.0
008 180705b ||||| |||| 00| 0 eng d
020 _a0140442618
040 _aSEKU
050 _aB 387
_b.A5 L43
100 _aPlato
245 _a Timeas and Critias
_cPlato
260 _aLondon
_bPenguin
_c1977
300 _a167p.
_bill.
942 _2lcc
_cGEN